00337nam a2200133Ia 4500008004100000041000800041082001600049100001600065245005500081260002700136300000800163365001600171700001600187230718s9999 xx 000 0 und d aeng a621.81bNOR aNorton R.L. aKinematics And Dynamics Of Machinery (In SI Units) c2009bTata McGraw-Hill a782 cRs.b450.00 aNorton R.L.